Central Library OPAC University of Rajshahi

The logit transformation : (Record no. 51401)

MARC details
000 -LEADER
fixed length control field 00825cam a2200265 a 4500
001 - CONTROL NUMBER
control field 51401
003 - CONTROL NUMBER IDENTIFIER
rucl marc code BD-RjUL
005 - DATE AND TIME OF LATEST TRANSACTION
control field 20211209075644.0
008 - FIXED-LENGTH DATA ELEMENTS--GENERAL INFORMATION
fixed length control field 161129s1972 enka b 001 0 eng
020 ## - INTERNATIONAL STANDARD BOOK NUMBER
International Standard Book Number 0852642121
035 ## - SYSTEM CONTROL NUMBER
System control number (BD-RjUL)51521
System control number 199109
040 ## - CATALOGING SOURCE
Original cataloging agency LC
Language of cataloging eng
Transcribing agency LC
Modifying agency ANL
041 ## - LANGUAGE CODE
Language code of text/sound track or separate title eng
082 04 - DEWEY DECIMAL CLASSIFICATION NUMBER
Classification number 519.5
Author mark and year ASL 1972
Edition number 23
100 1# - MAIN ENTRY--PERSONAL NAME
Personal name Ashton, Winifred Diana.
9 (RLIN) 153761
245 14 - TITLE STATEMENT
Title The logit transformation :
Remainder of title with special reference to its uses in bioassay /
Statement of responsibility, etc. [by] Winifred D. Ashton.
260 ## - PUBLICATION, DISTRIBUTION, ETC. (IMPRINT)
Place of publication, distribution, etc. London :
Name of publisher, distributor, etc. Griffin,
Date of publication, distribution, etc. 1972.
300 ## - PHYSICAL DESCRIPTION
Pagination viii, 88 p. :
Illustrations ill. ;
Size 22 cm.
504 ## - BIBLIOGRAPHY, ETC. NOTE
Bibliography, etc Bibliography: p. 85-87.
650 ## - SUBJECT ADDED ENTRY--TOPICAL TERM
Topical term or geographic name as entry element Statistical Mathametics
9 (RLIN) 169207
942 ## - ADDED ENTRY ELEMENTS (KOHA)
Source of classification or shelving scheme Dewey Decimal Classification
Koha item type Books
Holdings
Lost status Source of classification or shelving scheme Damaged status Not for loan Collection code Permanent Location Current Location Shelving location Date acquired Source of acquisition Cost, normal purchase price Total Checkouts Full call number Date last seen Copy number Koha item type
  Dewey Decimal Classification     Non-fiction Central Library, University of Rajshahi Central Library, University of Rajshahi   29/06/1981 Heffers 2.20   519.5 ASL 1972 30/08/2016 C-2 Books
  Dewey Decimal Classification     Non-fiction Central Library, University of Rajshahi Central Library, University of Rajshahi   29/06/1981 Heffers 2.20   519.5 ASL 1972 30/08/2016 C-3 Books
  Dewey Decimal Classification     Non-fiction Central Library, University of Rajshahi Central Library, University of Rajshahi   29/09/1980 Heffer 2.20   519.5 ASL 1972 21/11/2016 C-4 Books
  Dewey Decimal Classification   Not For Loan Non-fiction Central Library, University of Rajshahi Central Library, University of Rajshahi Reading Room 28/03/1980 Heffer 2.20   519.5 ASL 1972 16/04/2017 C-1 Books